| 000 | 00810nam a22002297a 4500 | ||
|---|---|---|---|
| 003 | LK-CoDNM | ||
| 005 | 20241022105742.0 | ||
| 008 | 241015b |||||||| |||| 00| 0 eng d | ||
| 040 |
_aLK-CoDNM _dLK-CoDNM _eLK-CoDNM |
||
| 041 | _asin | ||
| 080 |
_aප්ර.බ _b28.4 |
||
| 100 | _aකේ. ඩී. සුමනසේකර මහතා | ||
| 245 |
_aබෞද්ධ බලය-1954 _b27 කාණ්ඩය 6 කලාපය |
||
| 260 |
_aමහනුවර-කොළඹ _bයූනියන් යන්ත්රාලය _c1954 |
||
| 300 | _b16p. ; 24 cm | ||
| 650 | _aබෞද්ධ බලය-1954 | ||
| 650 | _a27 කාණ්ඩය 6 කලාපය | ||
| 650 | _aකේ. ඩී. සුමනසේකර මහතා | ||
| 650 | _aප්ර.බ 28.4 | ||
| 650 | _a1954 | ||
| 942 | _cBK | ||
| 999 |
_c220803 _d220803 |
||